Law and economics : a comparative approach to theory and practice

Guides students through the basics of economics; law and economics; comparative viewpoints of conservatives, liberals, left communitarians and neo-Marxists, libertarians and classical liberals; and practical applications of law and economics in contract law, property law, constitutional criminal pro...

全面介绍

Saved in:
书目详细资料
主要作者: Malloy, Paul Robin
格式: 图书
出版: USA : West Pub. Co., 1990
主题:
标签: 添加标签
没有标签, 成为第一个标记此记录!

MARC

LEADER 00000nam a2200000 4500
020 |a 0314725865  |c TZs. 15000/- 
040 |a MUL  |b eng.  |e AACR 
082 |a 340 MAL 
100 |a Malloy, Paul Robin 
245 |a Law and economics :  |b a comparative approach to theory and practice  |c / Robin Paul Malloy 
260 |a USA :  |b West Pub. Co.,  |c 1990 
300 |a xv, 166 p.;   |b ill.:  |c 20cm. 
504 |a Includes index p.165 -166. 
505 |a Law and economics : a comparative approach Basic economics for law and economics Ideological bias in both legal and economic theories Conservative approaches to law and economics Liberal perspectives on law and economics Left communitarian and neo-Marxist approaches to law and economics Libertarian conceptions of law and economics Classical liberal theory and law and economics Contract law : the issue of unconscionability Property law : the implied warranty of habitability Criminal/constitutional law : right to counsel Employment law : comparable worth Tort law : design safety and social responsibility Improving lawyering skills 
520 |a Guides students through the basics of economics; law and economics; comparative viewpoints of conservatives, liberals, left communitarians and neo-Marxists, libertarians and classical liberals; and practical applications of law and economics in contract law, property law, constitutional criminal procedure, employment law and tort law cases. 
546 |a eng. 
650 |a Economics 
650 |a Criminal / constitutional law 
650 |a Employment law 
942 |c BK 
999 |c 620  |d 620